000 00630nam a2200241Ia 4500
003 OSt
005 20221007100600.0
006 a|||||r|||| 00| 0
007 ta
008 221006b |||||||| |||| 00| 0 eng d
024 _a4,671
037 _cTextual
040 _aLCO
_cLCO
_beng
041 _2eng
_aeng
082 _aZ0aX:9P4, M2
100 _aIYER V R K
_9692280
245 0 _aLaw , justice and the disabled
260 _aNew
_bDelhi Deep & Deep Pub.
_c1982
300 _a156
650 _aJUSTICE AND DISABLED
_9701874
942 _hZ0aX:9P4, M2
_cTEXL
999 _c1174234
_d1174234